00453nam a2200193 a 4500001001300000003000900013005001700022008004100039020000800080082001500088100001500103245001800118260003200136300000900168500003500177505001000212650002200222700001500244nice12345678IN_TiNIC20260116011524.0050524s1919 lona grp 000 0 eng  ac000a269.2bBAL aBallard, F aWhy No Islam? aLondonbEpworth Pressc1919 a210p aincludes index and biblioraphy2 aIndex aEvangelistic Work1 aBallard, F